| 000 | 00455nam a2200169 i 4500 | ||
|---|---|---|---|
| 001 | 50353 | ||
| 003 | ES-MaACL | ||
| 005 | 20230906162151.0 | ||
| 007 | t| | ||
| 008 | 030804s1967 sp ||||1| cat d | ||
| 100 | 1 |
_aCruells, Manuel. _941767 |
|
| 245 | 1 | 0 |
_aHistória de les idees politiques / _cManuel Cruells. |
| 250 | _a[1ª ed.]. | ||
| 260 |
_aBarcelona : _bBruguera, _c[1967] |
||
| 300 |
_a106 p. ; _c18 cm. |
||
| 852 |
_aES-MaACL _jC-31395 _bR.62018 |
||
| 999 |
_c50353 _d50353 |
||